000 00438nam a2200157 a 4500
020 _a2940154396
040 _cDLC
082 0 0 _a537 BER 1984 C260 Or.
100 1 _aBoridy, Elie.
245 1 0 _aElectromagnétisme :
_bElectromagnetisme4 /
260 _a[Québec] :
_bPresses de l'Université du Québec,
_c[1985]
300 _axxiv, 831 p. :
_bill. ;
_c24 cm.
500 _aIncludes index.
650 0 _aElectromagnetism.
942 _cAEDBB
999 _c22311
_d22311